MyGZULibrary

Transition economics : (Record no. 1272)

MARC details
000 -LEADER
fixed length control field 01585cam a22003374a 4500
001 - CONTROL NUMBER
control field 16209591
003 - CONTROL NUMBER IDENTIFIER
control field GZU
005 - DATE AND TIME OF LATEST TRANSACTION
control field 20201001125139.0
008 - FIXED-LENGTH DATA ELEMENTS--GENERAL INFORMATION
fixed length control field 100429s2011 enkab b 001 0 eng
010 ## - LIBRARY OF CONGRESS CONTROL NUMBER
LC control number 2010017830
020 ## - INTERNATIONAL STANDARD BOOK NUMBER
International Standard Book Number 9780415438810 (hbk)
020 ## - INTERNATIONAL STANDARD BOOK NUMBER
International Standard Book Number 9780415438827 (pbk)
020 ## - INTERNATIONAL STANDARD BOOK NUMBER
International Standard Book Number 9780203842911 (ebk)
040 ## - CATALOGING SOURCE
Original cataloging agency DLC
Transcribing agency DLC
Modifying agency DLC
050 00 - LIBRARY OF CONGRESS CALL NUMBER
Classification number HB 87
Item number TUR 2010
082 00 - DEWEY DECIMAL CLASSIFICATION NUMBER
Classification number 330.12/6
Edition number 22
100 1# - MAIN ENTRY--PERSONAL NAME
Personal name Turley, Gerard.
245 10 - TITLE STATEMENT
Title Transition economics :
Remainder of title two decades on /
Statement of responsibility, etc. Gerard Turley and Peter J. Luke.
260 ## - PUBLICATION, DISTRIBUTION, ETC.
Place of publication, distribution, etc. London ;
-- New York :
Name of publisher, distributor, etc. Routledge,
Date of publication, distribution, etc. 2011.
300 ## - PHYSICAL DESCRIPTION
Extent xv, 483 p. :
Other physical details ill., maps ;
Dimensions 26 cm.
504 ## - BIBLIOGRAPHY, ETC. NOTE
Bibliography, etc. note Includes bibliographical references (p. 445-465) and index.
505 0# - FORMATTED CONTENTS NOTE
Formatted contents note Pre-transition : the socialist system -- Stylised facts of transition : two decades on -- Initial conditions at the outset of transition -- Paradigms of transition -- Transition reforms and economic policies -- Enterprise reform and restructuring -- Performance and transition outcomes -- Labour markets in transition : a focus on Russia and China -- Economic transition : Russia versus China -- Lessons from transition.
650 #0 - SUBJECT ADDED ENTRY--TOPICAL TERM
Topical term or geographic name entry element Economic history
Form subdivision Case studies.
650 #0 - SUBJECT ADDED ENTRY--TOPICAL TERM
Topical term or geographic name entry element Mixed economy
Form subdivision Case studies.
650 #0 - SUBJECT ADDED ENTRY--TOPICAL TERM
Topical term or geographic name entry element Structural adjustment (Economic policy)
Form subdivision Case studies.
650 #0 - SUBJECT ADDED ENTRY--TOPICAL TERM
Topical term or geographic name entry element Social change
Form subdivision Case studies.
700 1# - ADDED ENTRY--PERSONAL NAME
Personal name Luke, Peter J.
906 ## - LOCAL DATA ELEMENT F, LDF (RLIN)
a 7
b cbc
c orignew
d 1
e ecip
f 20
g y-gencatlg
942 ## - ADDED ENTRY ELEMENTS (KOHA)
Koha item type Books
Classification part 87
Item part TUR
Call number prefix HB
Holdings
Withdrawn status Lost status Damaged status Not for loan Collection code Home library Current library Shelving location Date acquired Total Checkouts Full call number Barcode Date last seen Copy number Price effective from Koha item type Inventory number
        Non-fiction City Campus Library City Campus Library General Stacks 10/01/2020   HB 87 TUR 2010 023746 10/01/2020 C.1 10/01/2020 Books  
        Non-fiction City Campus Library City Campus Library General Stacks 10/01/2020   HB 87 TUR 2010 023747 10/01/2020 C.2 10/01/2020 Books  
        Non-fiction Mashava Campus Library Mashava Campus Library General Stacks 05/03/2021   HB 87 TUR 2010 023744 05/03/2021 c.3 05/03/2021 Books  
        Non-fiction Mashava Campus Library Mashava Campus Library General Stacks 05/03/2021   HB 87 TUR 2010 023745 05/03/2021 c.4 05/03/2021 Books 23745
        Non-fiction Mashava Campus Library Mashava Campus Library General Stacks 05/04/2021   HB87 TUR 2010 024854 05/04/2021 c.5 05/04/2021 Books 024854